000 00470nam a2200169Ia 4500
999 _c36227
_d36227
003 OSt
005 20201221113725.0
008 190216s9999||||xx |||||||||||||| ||und||
040 _coclc
082 _a039
_bMAN/P
100 _aMani, M A Vettam
_97614
245 0 _aPuranic Encyclopaedia /
_cM A Vettam Mani
260 _bCurrent Books,
_c1996.
_aKottayam:
300 _a1432p
650 _aSanskrit
942 _cREF
_2ddc
_h039
_iMAN/P
_k039
_mMAN/P